Geography Quiz

Random Geography or City Quiz

Hot or Not: Cities With 100+ Degree Temperatures Quiz Stats

 Plays Quiz Updated Mar 23, 2018

Score 0/30 Timer 05:00
0 Plays Today
City True (T) or False (F) % Correct
Bangalore, India???
88.7%
Djibouti, Djibouti???
85%
Sao Paulo, Brazil???
83.4%
Perth, Australia???
82.7%
Athens, Greece???
81.9%
New York, USA???
81.5%
Maputo, Mozambique???
80.6%
Beijing, China???
74.3%
Vladivostok, Russia???
72.5%
Hobart, Australia???
71.6%
Vancouver, Canada???
69.3%
Paris, France???
65.7%
Calgary, Canada???
63.8%
Montevideo, Uruguay???
63.2%
Amsterdam, Netherlands???
62.4%
City True (T) or False (F) % Correct
Tokyo, Japan???
58.4%
Minneapolis, USA???
55.6%
Bishkek, Kyrgyzstan???
53.3%
Auckland, New Zealand???
51.1%
Ulaanbaatar, Mongolia???
49.4%
Munich, Germany???
48.4%
London, United Kingdom???
43.6%
La Paz, Bolivia???
41.9%
Moscow, Russia???
36.4%
Lima, Peru???
32%
Honolulu, USA???
29.9%
Hong Kong, China???
23.5%
Johannesburg, South Africa???
21.1%
Kinshasa, DRC???
17.9%
Mexico City, Mexico???
10.7%

You're not logged in!

Compare scores with friends on all Sporcle quizzes.
OR
Log In

Sporcle TV

Today on Sporcle TV


Watch our educational content, quiz creation guides, and fun videos on Sporcle TV.

Show Comments

Extras

Top Quizzes Today


Score Distribution

Your Account Isn't Verified!

In order to create a playlist on Sporcle, you need to verify the email address you used during registration. Go to your Sporcle Settings to finish the process.

Report this User

Report this user for behavior that violates our Community Guidelines.

Details: